Geometria
Descripción Física:
114 p. : il. , 23 cm
Colección:
Text núm. 14
Otros Autores:
Catalunya. Extensió d'Ensenyament Tècnic
Materias:
Geometria
MARC
| LEADER | 00000nam a2200000Ia 4500 | ||
|---|---|---|---|
| 001 | 10938 | ||
| 008 | 160829s9999 xx 000 0 cat d | ||
| 080 | |a C-1-464 | ||
| 245 | |a Geometria | ||
| 260 | |a Barcelona : |b Mancomunitat de Catalunya, Extensió d' Ensenyament Tècnic, [s.a.] | ||
| 300 | |a 114 p. : |b il. , 23 cm | ||
| 490 | |a Text núm. 14 | ||
| 590 | |a Part 4 | ||
| 650 | |a Geometria |9 23877 | ||
| 700 | |a Catalunya. Extensió d'Ensenyament Tècnic |9 20004 | ||
| 710 | 2 | |a Catalunya. |b Mancomunitat |9 53015 | |
| 901 | |a Arxiu | ||
| 942 | |n 1 | ||
| 952 | |0 0 |1 0 |4 0 |6 C1464 |7 1 |9 55077 |a Arxiu |b Arxiu |d 2016-12-01 |l 0 |o C-1-464 |p 10938 |r 2016-12-01 00:00:00 |w 2016-12-01 |y ARXIU | ||
| 999 | |c 58949 |d 58949 | ||